Cyclisme: vainqueurs des courses du calendrier World Tour 2022 - Statistiques

Statistiques générales
  • Ce quiz a été pris 538 fois
  • Le résultat moyen est 21 sur 31
Statistiques - réponses
Course Vainqueur % Correct
UAE Tour Tadej Pogacar
99%
Strade Bianche Tadej Pogacar
99%
Tirreno - Adriatico Tadej Pogacar
99%
GP Montreal Tadej Pogacar
99%
Tour de Lombardie Tadej Pogacar
99%
Tour de France Jonas Vingegaard
97%
Omloop Het Nieuwsblad Wout van Aert
95%
E3 Saxo Bank Classic Wout van Aert
95%
Bretagne Classic Wout van Aert
95%
À travers la Flandre Matthieu van der Poel
94%
Tour des Flandres Matthieu van der Poel
94%
Paris-Nice Primoz Roglic
93%
Critérium du Dauphiné Primoz Roglic
93%
Liège-Bastogne-Liège Remco Evenepoel
90%
Clasica San Sebastian Remco Evenepoel
90%
Tour d'Espagne Remco Evenepoel
90%
Tour d'Italie Jai Hindley
74%
Paris-Roubaix Dylan van Baarle
69%
Milan - San Remo Matej Mohoric
67%
Tour de Suisse Geraint Thomas
57%
GP Quebec Benoît Cosnefroy
52%
La Fleche Wallonne Dylan Teuns
48%
Amstel Gold Race Michal Kwiatkowski
39%
Gand - Wevelgem Biniam Girmay
37%
Brugge-De Panne Classic Tim Merlier
31%
Tour de Romandie Alexandr Vlasov
30%
Tour du Pays basque Daniel Martinez
28%
Tour de Catalogne Sergio Higuita
28%
Eschborn-Frankfurt Sam Bennett
22%
BEMER Cyclassics Marco Haller
15%
Tour de Pologne Ethan Hayter
13%
Aucun quiz correspondant
Distribution des résultats
% des personnes avec chaque résultat
Percentile par nombre de réponses
Votre historique - résultats
Vous n’avez pas pris ce quiz